|
|
|
|
| LEADER |
00000nam a2200000 a 4500 |
| 001 |
vtls008984109 |
| 003 |
SK-MaSNL |
| 005 |
20260302005224.0 |
| 008 |
070426q1820 xo 000 0 lat |
| 040 |
|
|
|a SNK
|b slo
|c SNK
|e AACR2
|
| 041 |
0 |
|
|a lat
|
| 044 |
|
|
|a xo
|c SK
|
| 245 |
0 |
0 |
|a Puncta Meditationum de Passione Christi,...
|b ...et Quatuor Hminis Novissimis;
|
| 260 |
|
|
|a Leutschoviae
|b Typis Joannis Werthmüller R.
|c [1820?]
|
| 300 |
|
|
|a 14 s.
|
| 650 |
0 |
7 |
|a utrpenie Ježiša Krista
|2 SNKPH
|9 64563
|
| 655 |
|
7 |
|a meditácie
|2 SNKPH
|9 277233
|
| 752 |
|
|
|a Slovensko
|d Levoča
|
| 958 |
|
|
|a ONDV
|
| 999 |
|
|
|c 998725
|d 1000655
|
| 952 |
|
|
|a SNK
|b SNK
|y VYP
|7 0
|p 17A0546690
|o snkSD 4544/7 D1
|i snkF 2613/57
|8 5
|3 rekatalogizácia
|0 0
|1 0
|4 0
|d 2007-04-26
|l 0
|r 2026-02-24 12:11:18
|w 2026-02-24
|
| 952 |
|
|
|a SNK
|b SNK
|y PREZ
|7 0
|p 17A0907472
|o snkSD 4544/7
|i snk314/41
|0 0
|1 0
|4 0
|d 2018-05-14
|f 1
|l 0
|r 2025-11-11 00:00:00
|w 2026-02-24
|